000 00401pab a2200157 454500
008 180718b2012 xxu||||| |||| 00| 0 eng d
100 _aMahanta, Amarjyoti
245 _aThe determinants of first birth interval: The musings of Assam
260 _c2012
300 _ap.379-394.
362 _aJul
650 _aFertility
773 _aIndian Journal of Social Work
908 _aN
909 _a99697
999 _c99696
_d99696